| 000 | 00695nam a22001937a 4500 | ||
|---|---|---|---|
| 008 | 230316b |||||||| |||| 00| 0 eng d | ||
| 020 | _a9780357671429 | ||
| 050 |
_aBF637 _b.C67 2022 |
||
| 100 | _aCorey, Gerald | ||
| 245 |
_aTheory and practice of counseling and psychotherapy/ _cGerald Corey |
||
| 250 |
_a10th ed. _bUpdated |
||
| 260 |
_aBoston, MA. _bCengage, _c2021 |
||
| 300 |
_axviii, 490 pages : _b illustrations (some color) ; _c26 cm |
||
| 504 | _aInclude Biblio. References and index | ||
| 650 | _aPsychotherapy | ||
| 650 |
_aCounseling _xpsychologist _yclient |
||
| 650 |
_aCross-cultural counseling _xBody-mind centering |
||
| 942 |
_2lcc _hBF637.C67 2022 _cBOOKS |
||
| 999 |
_c31547 _d31547 |
||